Normal view
MARC view
- M. Yalmaz Akhtar, M. Uzair Qureshi, Anas Bin Ashraf
Entry Personal Name
001 - CONTROL NUMBER
- control field: 55038
003 - CONTROL NUMBER IDENTIFIER
- control field: NUST
005 - DATE AND TIME OF LATEST TRANSACTION
- control field: 20210421120126.0
008 - FIXED-LENGTH DATA ELEMENTS
- fixed length control field: 210421|| aca||aabn | a|a d
040 ## - CATALOGING SOURCE
- Original cataloging agency: NUST
- Transcribing agency: NUST
100 ## - HEADING--PERSONAL NAME
- Personal name: M. Yalmaz Akhtar, M. Uzair Qureshi, Anas Bin Ashraf
670 ## - SOURCE DATA FOUND
- Source citation: Work cat.: (NUST): M. Yalmaz Akhtar, M. Uzair Qureshi, Anas Bin Ashraf, Low Temperature Heat recovery system using organic and ammonis rankine cycle technology with CD (UG CHE-2016), 2016
